[Event "5th Srefidensi Celebration 2017"]
[Site "Paramaribo"]
[Date "2017.11.24"]
[Round "6"]
[White "Husbands, Orlando"]
[Black "Cupid, Kevin"]
[Result "0-1"]
[WhiteElo "2327"]
[BlackElo "2163"]
[Annotator "TA"]
[PlyCount "113"]
[EventDate "2017.??.??"]
[EventCountry "SUR"]
[SourceTitle "playchess.com"]
[Source "ChessBase"]
[SourceQuality "1"]

{[%evp 9,113,18,37,40,49,40,57,34,74,81,81,53,79,63,82,56,97,114,153,138,193,54,43,29,43,48,74,53,50,40,53,14,108,106,102,75,88,62,69,72,59,64,57,59,62,68,77,72,63,0,10,0,91,38,22,0,20,0,45,0,0,0,0,0,0,0,0,-13,-20,-52,0,-63,-62,-52,-45,-57,-58,-60,-58,-63,-79,-88,-29,-22,-23,-22,-21,-22,-14,-25,-34,-304,-295,-1000,-1000,-1000,-984,-1508,-1331,-1202,-1910,-1772,-1782,-1483,-1380,-1177]} 1. e4 c6 2. Nf3 d5 3. e5 Bg4 4. d4 e6 5. Nbd2 Bb4 (5... Nd7 6. h3 Bh5 7. Nb3 Ne7 8. Bd3 c5 9. Nxc5 Nxc5 10. dxc5 Nc6 11. g4 Bg6 12. Be3 Be7 {1-0 (43) Wilczek,T (2678)-Jurkowitz,R (2595) IECG email 2006}) 6. c3 $146 {B10: Caro-Kann: 2 d3 and 2 c4} ({Predecessor:} 6. Bd3 Nh6 7. O-O O-O 8. c3 Ba5 9. Rb1 b6 10. b4 b5 11. bxa5 Qxa5 12. Qc2 Bf5 13. Bxf5 exf5 {1-0 (22) Mendes,L-Dos Santos,J Brazil CXEB 1994}) 6... Ba5 7. Bd3 Bc7 8. Nf1 {White is slightly better.} Bh5 9. Ng3 Bg6 10. Bg5 Qd7 11. O-O f6 12. exf6 gxf6 13. Bh4 Na6 14. Re1 Bf4 (14... Bxd3 $16 {is a better defense.} 15. Qxd3 O-O-O) 15. Bf5 (15. Bxa6 $18 bxa6 16. Qe2) 15... Bxf5 $14 16. Nxf5 O-O-O 17. Ng3 {[%cal Bf5g3,Bg3e4,Be4c5][%mdl 32] Nh5 is the strong threat.} h5 18. Qe2 Nc7 19. c4 Qg7 20. cxd5 Rxd5 (20... cxd5 $11 21. Qd3 Ne7) 21. Ne4 $1 $16 Rh6 22. Nc5 f5 23. Nd3 (23. b4 {with more complications.} Rg6 24. g3 Bd6 25. a4 Ne7 26. Rac1) 23... Bd6 $1 24. Bg5 Rg6 25. h4 Nf6 26. Nde5 Bxe5 $1 27. Nxe5 Rxg5 28. hxg5 Qxg5 29. Nf3 (29. Rad1 $14) 29... Qg4 30. Rad1 h4 (30... Rd8 $1 $11 {keeps the balance.}) 31. Ne5 (31. Qd2 $1 $16) 31... Qg7 $14 32. Qf3 Nb5 33. Qf4 Ne4 {White must now prevent ...h3.} (33... h3 $5 34. Qg3 Qxg3 35. fxg3 Nxd4 $11) 34. Nf3 (34. f3 $5 {[%cal Rf3e4]} h3 35. g4 $16) 34... h3 $1 {[%csl Gh3][%cal Rg7g2]} 35. g3 Nxd4 36. Nxd4 Rxd4 37. Rxd4 Qxd4 $11 {[%mdl 4096] Endgame KQR-KQN} 38. Qe3 Qxb2 39. Qxa7 Qd2 (39... c5 $15 40. Qa8+ Kc7 41. Qa5+ Kc6 42. Qa4+ Kd6) 40. Rb1 ({White should play} 40. Qe3 $1 $11) 40... b5 $1 $15 41. Qa8+ Kc7 42. Qa7+ Kd8 43. Qb8+ Ke7 44. Qc7+ Kf6 45. Qf4 {[#]} Qxf4 ({Much weaker is} 45... Qxa2 $6 46. Qh6+ Kf7 47. Qh7+ Kf6 48. Qh8+ Kg6 49. Qg8+ Kf6 50. Qh8+ Kg6 51. Qg8+ Kf6 52. Qh8+ $11) (45... Qd5 $1 $17 46. Qh6+ Ke7 47. Qxh3 Nxf2 48. Qh4+ Kd7 49. Qh7+ Kd6) 46. gxf4 $17 {Black should prevent Rc1. KR-KN} Nc3 47. Rb2 $1 Ke7 48. Kh2 Kd6 49. Kxh3 c5 {[%cal Bc6c5,Bc5c4,Bc4c3][%mdl 32]} 50. Rd2+ $2 {[%mdl 8192] [#]} (50. Kg2 $1 $15) 50... Nd5 $1 $19 51. a3 $2 (51. Kg2 c4 52. Kf3) 51... c4 {Black is clearly winning.} 52. Kh4 c3 53. Rc2 Kc5 54. Re2 Nxf4 55. Rc2 Kc4 56. Kg5 Nd5 57. Rc1 {Precision: White = 39%, Black = 58%.} 0-1

[Event "5th Srefidensi Celebration 2017"]
[Site "Paramaribo"]
[Date "2017.11.25"]
[Round "7"]
[White "Bruzon Batista, Lazaro"]
[Black "Cupid, Kevin"]
[Result "1-0"]
[WhiteElo "2661"]
[BlackElo "2163"]
[Annotator "TA"]
[PlyCount "71"]
[EventDate "2017.??.??"]
[EventCountry "SUR"]
[SourceTitle "playchess.com"]
[Source "ChessBase"]
[SourceQuality "1"]

{[%evp 12,71,20,2,22,29,36,34,47,31,40,40,52,29,14,2,67,67,69,61,61,61,66,62,173,161,178,162,155,156,283,281,277,273,276,265,410,406,413,412,410,401,408,406,422,339,408,309,466,453,689,672,902,900,839,694,1559,1452,1356,1283,2004,951]} 1. Nf3 Nf6 2. g3 e6 3. Bg2 Be7 4. O-O O-O 5. c4 d5 6. d4 Nbd7 7. b3 a5 {E07: Closed Catalan: Main Line (5 Nf3 0-0 6 0-0 Nbd7)} (7... dxc4 8. bxc4 c5 9. e3 Qc7 10. Qb3 b6 11. Bb2 Bb7 12. a4 Rac8 13. Na3 Bc6 {½-½ (13) Rodshtein,M (2698)-Shimanov,A (2642) Minsk 2017}) 8. Nc3 Bb4 9. Bb2 c6 {White is slightly better.} 10. Rc1 $146 ({Predecessor:} 10. Nd2 Bxc3 11. Bxc3 b5 12. e4 Ba6 13. e5 Ne8 14. Re1 b4 15. Bb2 Nc7 16. Rc1 Rc8 17. Nf1 {1-0 (61) Ivkov,B (2485)-Mirkovic,S (2390) Kladovo 1991}) 10... Qe7 11. Nd2 a4 12. Nxa4 b5 13. Nc3 Bxc3 (13... bxc4 $11 14. bxc4 Ba6) 14. Bxc3 $14 b4 15. Ba1 Rxa2 16. Rc2 Ra5 17. e4 e5 ({Black should try} 17... Nxe4 $14 18. Nxe4 dxe4) 18. exd5 cxd5 19. dxe5 Nxe5 20. Re1 Ne4 (20... Bg4 $16 21. Qc1 d4) 21. Bxe5 $18 (21. Nxe4 $6 dxe4 22. Bxe4 Bg4 $16) 21... Qxe5 22. cxd5 (22. Nxe4 $6 dxe4 23. Bxe4 (23. Rxe4 Qf6 $16) 23... Qf6 $16) 22... Nc3 {[#]} 23. Nc4 $1 ({Don't do} 23. Rxe5 $6 Nxd1 24. Nc4 Ra6 $16) 23... Nxd1 (23... Rxd5 {was worth a try.} 24. Bxd5 (24. Rxe5 Rxd1+ 25. Bf1 f6 $17) 24... Qxd5 25. Qxd5 Nxd5) 24. Nxe5 ({Less strong is} 24. Rxe5 Ra6 $16) 24... Nc3 25. Nc6 Rc5 26. Nxb4 Bf5 27. Rd2 g6 28. Nc6 Kg7 29. h3 Kf6 (29... Nb5 $142 30. d6 Bd7) 30. b4 {[%cal Bb3b4,Bb4b5][%mdl 32] White is clearly winning.} Rc4 (30... Rb5 $142 31. Re3 Na4) 31. g4 Be4 32. Bf1 Nb1 33. Rxb1 Rxc6 34. dxc6 Bxb1 35. b5 Be4 36. Bg2 {Precision: White = 85%, Black = 30%.} (36. c7 $142 Bb7 37. Bg2) 1-0

[Event "5th Srefidensi Celebration 2017"]
[Site "Paramaribo"]
[Date "2017.11.25"]
[Round "7"]
[White "Zavarce, Oscar Enrique"]
[Black "Tiviakov, Sergei"]
[Result "0-1"]
[WhiteElo "2391"]
[BlackElo "2591"]
[Annotator "TA"]
[PlyCount "52"]
[EventDate "2017.??.??"]
[EventCountry "SUR"]
[SourceTitle "playchess.com"]
[Source "ChessBase"]
[SourceQuality "1"]

{[%evp 13,52,0,13,-22,-14,-23,-13,-25,-14,-39,-2,-4,0,0,0,-18,45,35,66,56,56,54,95,-144,-164,-202,-200,-239,-221,-228,-228,-258,-247,-247,-231,-227,-235,-315,-302,-610,-608]} 1. Nf3 Nf6 2. c4 b6 3. g3 Bb7 4. Bg2 g6 5. O-O Bg7 6. Nc3 {A15: English Opening: 1...Nf6} (6. d4 O-O 7. Qc2 c5 8. d5 b5 9. e4 bxc4 10. Nbd2 e6 11. dxe6 dxe6 12. e5 Nfd7 13. Nxc4 Nc6 14. Bf4 Rb8 15. Rfe1 {½-½ (47) Van Wely,L (2675)-Sokolov,I (2625) Amsterdam 2017}) 6... O-O 7. Re1 Ne4 {LiveBook: 16 Games} 8. Qc2 $146 {The position is equal.} ({Predecessor:} 8. Nxe4 Bxe4 9. d3 Bb7 10. e4 c5 11. d4 cxd4 12. Nxd4 Nc6 13. Be3 Rc8 {½-½ (27) Ali Marandi,C (2536)-Rambaldi,F (2574) Panama City 2017}) 8... Nxc3 9. bxc3 d6 10. e4 e5 11. h4 Nc6 12. d3 Qd7 13. h5 Ne7 14. hxg6 Nxg6 (14... fxg6 $11 15. Qb3 h6) 15. Qe2 Rae8 16. Ng5 h6 17. Bh3 f5 18. Qh5 $2 (18. Nf3 $16 {is forced if you want to stay better.}) 18... hxg5 $17 19. exf5 Nh8 $1 20. Bxg5 {[#]} Qf7 $1 {[%cal Rf7h5]} 21. Qe2 Bf6 22. Bh6 {[#]} Qh7 $1 {[%cal Rh7h6]} 23. Qg4+ Bg7 24. Bxg7 Qxg7 25. Qh4 Rf6 26. g4 $2 (26. Qg4) 26... Rxf5 {Precision: White = 27%, Black = 56%.} 0-1

[Event "5th Srefidensi Celebration 2017"]
[Site "Paramaribo"]
[Date "2017.11.25"]
[Round "7"]
[White "Halfhide, Sebastian"]
[Black "Garcia Martinez, Silvino"]
[Result "0-1"]
[WhiteElo "2333"]
[BlackElo "2335"]
[Annotator "NA"]
[PlyCount "56"]
[EventDate "2017.??.??"]
[EventCountry "SUR"]
[SourceTitle "playchess.com"]
[Source "ChessBase"]
[SourceQuality "1"]
[TimeControl "5400+30"]

1. e4 c5 2. Nf3 d6 3. d4 cxd4 4. Nxd4 Nf6 5. Nc3 a6 6. Bg5 e6 7. f4 Qc7 8. Qe2 Nc6 9. Nxc6 bxc6 10. O-O-O Nd7 11. f5 Ne5 12. g3 Rb8 13. b3 exf5 14. Bh3 f6 15. Bf4 fxe4 16. Bxc8 Rxc8 17. Nxe4 Be7 18. Qh5+ g6 19. Qh6 d5 20. Nxf6+ Bxf6 21. Rde1 Kf7 22. Rhf1 Kg8 23. Bxe5 Bxe5 24. Re2 Bd6 25. Rfe1 Rf8 26. Kb1 Bb4 27. Rd1 Qf7 28. Qh4 a5 0-1

[Event "5th Srefidensi Celebration 2017"]
[Site "Paramaribo"]
[Date "2017.11.25"]
[Round "7"]
[White "Gu, Xiaobing"]
[Black "Lu, Shanglei"]
[Result "1-0"]
[WhiteElo "2332"]
[BlackElo "2640"]
[Annotator "TA"]
[PlyCount "157"]
[EventDate "2017.??.??"]
[EventCountry "SUR"]
[SourceTitle "playchess.com"]
[Source "ChessBase"]
[SourceQuality "1"]

{[%evp 22,157,46,47,41,59,211,210,213,225,226,229,212,212,228,189,187,137,253,240,304,294,276,252,253,238,245,234,216,237,223,225,236,214,249,229,225,221,222,209,241,219,215,164,163,160,202,203,226,226,226,226,226,226,226,226,226,176,235,228,235,235,235,235,235,235,235,220,235,235,235,235,235,235,235,235,235,235,235,228,228,228,235,235,250,250,250,250,250,243,250,250,250,250,250,226,243,226,213,150,243,235,329,302,436,436,294,257,1903,880,967,817,12840,1006,12844,12843,12844,12843,12844,12844,12845,12845,12845,12844,12845,12843,12844,12840,12845,12845,12846,12847,12847,12843,12845,12844,12845,12845]} 1. e4 c5 2. Nf3 d6 3. d4 cxd4 4. Nxd4 Nf6 5. Nc3 a6 6. Be2 e5 7. Nb3 Be7 8. Bg5 Nbd7 9. a4 {B92: Sicilian Najdorf: 6 Be2} h6 10. Bh4 b6 11. Bc4 Bb7 12. Qe2 {LiveBook: 9 Games} (12. Qd3 O-O 13. O-O Qc7 14. Bxf6 Nxf6 15. Nd2 Rfc8 16. Bb3 Qc5 {0-1 (99) Almasi,Z (2707)-Bindrich,F (2598) Douglas 2017}) 12... Qc7 13. O-O Nxe4 $146 {[#]} (13... g5 $14 14. Bg3 O-O) ({Predecessor:} 13... O-O 14. Rfd1 Rfc8 15. Bxf6 Nxf6 16. Nd2 Bf8 {½-½ (94) Onischuk,V (2469)-Sjugirov,S (2422) Kharkov 2007}) 14. Nd5 $18 ({Stronger than} 14. Nxe4 Bxh4 15. Bxf7+ Kxf7 $15) 14... Bxd5 15. Bxd5 Bxh4 16. Bxa8 Nec5 17. Nxc5 Qxc5 18. Qe4 O-O 19. Bb7 Bf6 (19... Be7 $16 20. Bxa6 d5) 20. b4 ({Resist} 20. Bxa6 $6 d5 $16) 20... Qc3 21. Bxa6 Rd8 22. Qc4 e4 23. Rad1 Nb8 24. Bb5 Qxc4 25. Bxc4 Nc6 26. b5 Nb4 27. Bd5 Nxc2 {and the idea ...e3 leaves Black hopeful.} 28. Bxe4 Nd4 29. Rfe1 d5 30. Bb1 g6 31. Rc1 Ra8 32. Ba2 Rxa4 33. Bxd5 {[#] aiming for Rc8+.} Nxb5 34. Rc6 Nc3 35. Rxf6 {White wants to mate with Re8+.} Nxd5 {[%mdl 4096] Endgame KRR-KRN} 36. Rd6 Ne7 37. g3 Nf5 38. Rxb6 h5 39. h3 Kg7 (39... h4 $142 40. g4 Nd4) 40. Kg2 Nh6 41. Re7 Nf5 42. Rc7 Nh6 43. Rbb7 Kf6 44. Kf1 Kg7 45. Rd7 Kf6 46. Ke2 Ra2+ 47. Rd2 Ra4 48. Kf3 Kg7 49. Rdb2 Nf5 50. R2b4 Ra3+ 51. Kg2 Rc3 52. Rf4 Ra3 53. g4 hxg4 54. hxg4 Nh6 55. Rc4 Ra5 56. Kg3 Ra3+ 57. f3 Ra5 58. Rcc7 Rd5 59. Rc3 Ra5 60. f4 {Threatens to win with g5.} Ra1 (60... g5 $16 61. fxg5 Rxg5) 61. Kh3 Ra8 62. Rd7 Rh8 (62... Rb8 {is a better defense.} 63. Rcc7 Rf8) 63. Rcc7 Rf8 64. Kg3 Kg8 $2 (64... Ra8 65. Kf3 Ra3+ 66. Ke2 Ra2+ 67. Kd3 Ra3+ 68. Ke2 Ra2+ 69. Kf3 Ra3+ 70. Ke2) 65. f5 (65. Kh4 $142 Ra8 66. Kg5) 65... g5 66. Rc6 f6 67. Kf3 (67. Rb6 $142 Rf7 68. Rdd6) 67... Rf7 68. Rc8+ Kg7 69. Rdc7 Rxc7 70. Rxc7+ {KR-KN} Nf7 71. Ke4 Kh6 72. Rc1 Ne5 73. Rg1 Kg7 74. Kd5 Kf7 75. Rg3 Kf8 76. Ke6 Kg7 77. Rg1 Nf3 78. Ra1 Nd4+ 79. Kd5 {Precision: White = 68%, Black = 42%.} 1-0

[Event "5th Srefidensi Celebration 2017"]
[Site "Paramaribo"]
[Date "2017.11.25"]
[Round "7"]
[White "Harper, Ryan"]
[Black "Husbands, Orlando"]
[Result "1/2-1/2"]
[WhiteElo "2201"]
[BlackElo "2327"]
[Annotator "NA"]
[PlyCount "115"]
[EventDate "2017.??.??"]
[EventCountry "SUR"]
[SourceTitle "playchess.com"]
[Source "ChessBase"]
[SourceQuality "1"]
[TimeControl "5400+30"]

1. e4 c5 2. Nf3 d6 3. d4 cxd4 4. Nxd4 Nf6 5. Nc3 a6 6. a3 e5 {B90: Sicilian Najdorf: Unusual White 6th moves, 6 Be3 Ng4 and 6 Be3 e5} 7. Nf5 d5 8. Bg5 d4 9. Bxf6 Qxf6 (9... gxf6 10. Nb1 Bxf5 11. exf5 Qd5 12. Qd3 Qa5+ 13. Nd2 Bb4 14. O-O-O Bxd2+ 15. Qxd2 Qxd2+ 16. Rxd2 {1-0 (40) Demchenko,A (2645)-Areshchenko,A (2652) Tbilisi 2017}) 10. Nd5 Qd8 11. Qg4 g6 12. Qg3 Bd6 $146 ({Predecessor:} 12... Nc6 13. Nxd4 Bg7 14. Nf3 {1-0 (26) Aranda Marin,C (2263)-Perez Ordonez,J (2120) Collado Villalba 2017}) 13. Nxd6+ Qxd6 14. O-O-O Nc6 15. Bc4 O-O 16. Qh4 Kg7 17. g4 h6 18. g5 Rh8 19. Rhg1 hxg5 20. Qxg5 Qd8 21. Qd2 Rxh2 22. Rh1 Qh4 23. Rxh2 Qxh2 24. Qg5 Qh6 25. Qxh6+ Kxh6 26. Nb6 Rb8 27. Bxf7 Kg7 28. Bd5 Ne7 29. Re1 Kf6 30. Rh1 Be6 31. Rh7 Rd8 32. Bxb7 Rb8 33. Nd5+ Bxd5 34. Bxd5 Nxd5 35. exd5 Rd8 36. Ra7 Rd6 37. f3 Kf5 38. Kd2 g5 39. Kd3 Rxd5 40. Rxa6 Rd8 41. Rc6 Rh8 42. Rc7 Rh3 43. Rf7+ Ke6 44. Rf8 g4 45. Ke4 gxf3 46. Re8+ Kd6 47. Rf8 Rh2 48. Rf6+ Ke7 49. Rxf3 Rxc2 50. Kxe5 Rxb2 51. Kxd4 Kd6 52. Rc3 Rd2+ 53. Kc4 Kc6 54. Rh3 Kb6 $11 55. Kb4 Rd4+ 56. Kb3 Rg4 57. Rc3 Rh4 58. Rd3 1/2-1/2

[Event "5th Srefidensi Celebration 2017"]
[Site "Paramaribo"]
[Date "2017.11.25"]
[Round "7"]
[White "Hanoeman, Suradj"]
[Black "Enkhtuul, Altan-Ulzii"]
[Result "1/2-1/2"]
[WhiteElo "2048"]
[BlackElo "2356"]
[Annotator "NA"]
[PlyCount "180"]
[EventDate "2017.??.??"]
[EventCountry "SUR"]
[SourceTitle "playchess.com"]
[Source "ChessBase"]
[SourceQuality "1"]
[TimeControl "5400+30"]

1. d4 Nf6 2. Nc3 c5 3. d5 d6 4. e4 g6 5. Nf3 Bg7 6. Be2 O-O 7. O-O Na6 8. Nd2 Nc7 9. a4 Nfe8 10. Nc4 Bd7 11. Bd2 b5 12. axb5 Nxb5 13. Nxb5 Bxb5 14. c3 a5 15. Na3 Bxe2 16. Qxe2 Qb8 17. Rfb1 Nc7 18. Nc4 Qb5 19. Qf1 a4 20. Bg5 Rfe8 21. g3 h6 22. Bd2 Reb8 23. Ra3 Qd7 24. Rba1 Nb5 25. R3a2 a3 26. Nxa3 Nxa3 27. Rxa3 Rxa3 28. bxa3 Qa4 29. Rb1 Rxb1 30. Qxb1 Kh7 31. Qe1 Qxa3 32. Qe3 Qb3 33. Kg2 e6 34. dxe6 fxe6 35. h4 h5 36. Qf4 d5 37. g4 Qd1 38. exd5 exd5 39. gxh5 Qxh5 40. Qg5 Qxg5+ 41. hxg5 c4 42. Kg3 Kg8 43. Kg4 Kf7 44. f4 Ke6 45. Be1 d4 46. cxd4 Bxd4 47. Bd2 Bb2 48. Be3 Ba1 49. Kf3 Kf5 50. Ke2 Ke4 51. Bc1 c3 52. f5 Kxf5 53. Kd3 Kg4 54. Kc2 Bb2 55. Be3 Kf5 56. Kd3 Ba1 57. Kc2 Kg4 58. Kd3 Kf3 59. Bc5 Bb2 60. Kc2 Kf4 61. Be7 Kf5 62. Kd1 Ke6 63. Bc5 Kd5 64. Be7 Ke6 65. Bc5 c2+ 66. Kxc2 Be5 67. Kd3 Bf4 68. Ke4 Bxg5 69. Kf3 Kf5 70. Kg2 Kf4 71. Bd6+ Kg4 72. Ba3 Bh4 73. Bb4 Bg3 74. Ba3 Bf4 75. Bb4 Kf5 76. Be7 Bg5 77. Ba3 Bf6 78. Bc1 Be5 79. Ba3 g5 80. Bb4 g4 81. Be1 Ke4 82. Ba5 Bf4 83. Bd8 Ke3 84. Bb6+ Ke2 85. Bd8 Bd6 86. Bg5 Kd3 87. Bf6 Ke4 88. Bd8 Be7 89. Bxe7 g3 90. Kxg3 Ke5 1/2-1/2

[Event "5th Srefidensi Celebration 2017"]
[Site "Paramaribo"]
[Date "2017.11.25"]
[Round "8"]
[White "Bruzon Batista, Lazaro"]
[Black "Zavarce, Oscar Enrique"]
[Result "1-0"]
[WhiteElo "2661"]
[BlackElo "2391"]
[Annotator "TA"]
[PlyCount "85"]
[EventDate "2017.??.??"]
[EventCountry "SUR"]
[SourceTitle "playchess.com"]
[Source "ChessBase"]
[SourceQuality "1"]

{[%evp 14,85,39,35,55,57,64,54,52,55,79,42,78,73,79,76,76,80,91,64,117,115,135,116,113,129,176,151,147,124,256,241,237,253,238,240,246,228,295,295,295,296,349,350,335,336,333,304,367,377,433,433,433,433,433,433,432,393,393,393,388,378,587,439,2484,2419,2066,2091,2083,2083,29969,29968,29971,29972]} 1. d4 Nf6 2. Nf3 e6 3. c4 b6 4. a3 Bb7 5. Nc3 g6 6. Qc2 c5 {E12: Queen's Indian: Unusual White 4th moves, 4 a3, 4 Nc3 Bb7 5 a3 and 4 Nc3 Bb7} 7. e4 cxd4 8. Nxd4 {LiveBook: 3 Games} d6 {White is slightly better.} 9. Be2 a6 $146 ({Predecessor:} 9... Bg7 10. Be3 a6 11. O-O-O Nbd7 12. g4 h5 13. gxh5 Nxh5 14. Nxe6 fxe6 15. Rxd6 {½-½ (49) Almasi,Z (2707)-Iturrizaga Bonelli,E (2658) Germany 2017}) 10. O-O Nbd7 11. Rd1 {[%cal Bf1d1,Bd1d2,Bd2c2,Bc2c8][%mdl 32]} Bg7 12. Nf3 Qc7 13. Bf4 $36 {[%mdl 2048] White has strong initiative.} Ne5 14. Nxe5 dxe5 15. Be3 O-O 16. Rd2 b5 (16... Rfd8 $14) 17. cxb5 axb5 {[#]} 18. f3 $1 ({Resist} 18. Bxb5 $6 Nxe4 19. Rd7 (19. Nxe4 Qxc2 20. Rxc2 Bxe4 $11) 19... Qc8 $11) 18... b4 19. Nb5 Qxc2 20. Rxc2 bxa3 21. Rxa3 Rac8 {[#]} (21... Rfd8 $16 {was called for.}) 22. Rxc8 $1 $18 Rxc8 23. Nd6 Bf8 24. Nxb7 Bxa3 25. bxa3 Rb8 26. Nc5 Rb2 27. Kf1 Ne8 28. a4 Ra2 29. Bc4 Ra1+ 30. Ke2 Nd6 31. Bb3 Nc8 32. Nxe6 fxe6 33. Bxe6+ Kg7 34. Bxc8 Rxa4 {[%mdl 4096] Endgame} 35. Be6 Kf6 36. Bd5 g5 37. Bd2 Ra3 (37... Ra1 $142 38. Kf2 h5) 38. g3 {[%cal Bg2g3,Bg3f4][%mdl 32]} h5 (38... h6 $142 39. h4 g4 40. fxg4 Rxg3 41. Bxh6 Rxg4 42. Bg5+ Kg6) 39. Bb4 Ra1 40. f4 gxf4 41. gxf4 Rh1 42. Bc3 Rxh2+ 43. Kf1 {Precision: White = 91%, Black = 42%.} 1-0

[Event "5th Srefidensi Celebration 2017"]
[Site "Paramaribo"]
[Date "2017.11.25"]
[Round "8"]
[White "Lu, Shanglei"]
[Black "Enkhtuul, Altan-Ulzii"]
[Result "1-0"]
[WhiteElo "2640"]
[BlackElo "2356"]
[Annotator "TA"]
[PlyCount "83"]
[EventDate "2017.??.??"]
[EventCountry "SUR"]
[SourceTitle "playchess.com"]
[Source "ChessBase"]
[SourceQuality "1"]

{[%evp 20,83,44,48,56,59,91,76,91,51,52,31,84,64,64,49,55,60,58,72,65,56,65,42,55,50,52,0,0,0,17,18,52,62,110,59,156,148,153,102,242,206,892,881,866,831,879,866,946,743,1091,847,29990,29991,29990,1268,29988,29984,29984,29985,29990,29991,29991,29992,29992,753]} 1. e4 {[%cal Be2e4,Be4e5][%mdl 32]} Nf6 {[%cal Bg8f6,Bf6d5,Bd5b6][%mdl 32]} 2. e5 Nd5 3. d4 d6 4. c4 Nb6 5. exd6 exd6 6. Nc3 Be7 7. Nf3 Bg4 8. h3 Bh5 9. b3 Nc6 10. Be2 O-O 11. O-O Bf6 {B05: Alekhine's Defence: 4 Nf3 Bg4} 12. Be3 d5 13. c5 Nc8 {White is better.} 14. Re1 {[%cal Bf1e1,Be1e2,Be2b2][%mdl 32]} (14. a3 a5 15. Nb5 N8a7 16. Nc3 h6 17. Rb1 Nc8 18. b4 axb4 19. axb4 N8e7 20. b5 Na5 21. Ne5 Bxe2 22. Qxe2 Bxe5 23. dxe5 {0-1 (42) Barskij,V (2386)-Hasangatin,R (2502) Sochi 2017}) 14... h6 15. Nh2 $146 ({Predecessor:} 15. Qd2 N8e7 16. a3 {0-1 (33) Soboleva,A (1786)-Belenkov,D (2040) Voronezh 2011}) 15... Bg6 (15... Bxe2 $14 16. Rxe2 (16. Nxe2 N8e7 $14) 16... N8e7) 16. Bf3 Nb4 17. Re2 {Hoping for a3.} c6 18. Ng4 Bd3 19. Rb2 {Strongly threatening a3.} Bf5 20. Be2 Bxg4 21. hxg4 a5 22. a3 $36 {[%mdl 2048] White is more active.} Na6 23. Bxa6 (23. b4 $14) 23... Rxa6 $11 24. Qd3 Ne7 25. f4 {And now g5 would win.} Nc8 26. Rf1 Re8 27. g3 (27. Re2 $16) 27... Qd7 (27... g6 $14) 28. g5 $16 Bd8 29. gxh6 (29. Rh2 $142) 29... Qh3 (29... Qg4 $16) 30. Bc1 $18 {aiming for Rh2.} Qxh6 $2 (30... Bf6 31. Rh2 Qg4) 31. Rh2 Qg6 {[#]} 32. f5 $1 {[%cal Rf5g6]} Qf6 33. Kg2 Ne7 34. Rfh1 {[%csl Gh1][%cal Rh2h8]} Kf8 35. g4 {[%cal Bg3g4,Bg4g5][%mdl 32]} g6 36. Bh6+ Kg8 37. Bf4 (37. Qe3 $142 gxf5 38. Bg5 Qg7 39. gxf5 Kf8 40. Rh7 Ng8 {[#]} 41. Qxe8+ $1 {[%mdl 512]} Kxe8 42. Rxg7) 37... Nc8 38. g5 {White mates.} Qg7 39. Qh3 Kf8 40. Qh8+ Qxh8 41. Rxh8+ Ke7 42. Re1+ {Precision: White = 59%, Black = 37%.} 1-0

[Event "5th Srefidensi Celebration 2017"]
[Site "Paramaribo"]
[Date "2017.11.25"]
[Round "8"]
[White "Tiviakov, Sergei"]
[Black "Garcia Martinez, Silvino"]
[Result "1/2-1/2"]
[WhiteElo "2591"]
[BlackElo "2335"]
[Annotator "TA"]
[PlyCount "57"]
[EventDate "2017.??.??"]
[EventCountry "SUR"]
[SourceTitle "playchess.com"]
[Source "ChessBase"]
[SourceQuality "1"]

{[%evp 29,57,13,39,0,95,4,52,20,39,22,104,57,137,110,85,4,8,9,10,26,0,0,46,11,19,0,0,0,0,-27]} 1. e4 c5 2. Nc3 d6 3. Nge2 Nc6 4. d4 cxd4 5. Nxd4 e6 6. Be3 Nf6 7. f3 Be7 8. Qd2 O-O 9. g4 a6 10. O-O-O Nd7 11. Kb1 Nxd4 12. Bxd4 b5 13. h4 Bb7 14. g5 b4 15. Ne2 d5 {LiveBook: 3 Games. B80: Sicilian Scheveningen: 6 g3 and 6 Be3, including English Attack} 16. e5 {[#]} Re8 $146 {[#]} (16... Qc7 $11) ({Predecessor:} 16... a5 17. f4 Nc5 18. Ng3 Ne4 19. Nxe4 dxe4 20. Bg2 a4 21. Rhe1 b3 22. a3 Rc8 23. c3 {1-0 (44) Fedorov,A (2598)-Ghaem Maghami,E (2519) Dubai 2002}) 17. Nc1 (17. f4 $1 $16) 17... Qc7 18. Re1 a5 {[%cal Ba6a5,Ba5a4][%mdl 32]} 19. h5 Nf8 (19... Bc5 $1 $11) 20. f4 Bc5 (20... a4 $14) 21. Nb3 Be7 22. Bd3 (22. g6 $16) 22... a4 $11 23. Nc1 Ba6 24. g6 fxg6 25. hxg6 {[#] aiming for Bxa6.} hxg6 26. Bxa6 ({Reject} 26. Qh2 b3 $15) 26... Rxa6 {The position is equal.} 27. Rh3 Rc8 28. Re2 Rc6 29. Qd1 {Precision: White = 40%, Black = 29%.} 1/2-1/2